000 00345nam a2200145Ia 4500
008 240624s9999 xx 000 0 und d
041 _aeng
082 _a005.1 COR
100 _aCORMEN THOMAS H
245 _aINTRODUCTION TO ALGORITHMS
250 _a(2nd ed.)
260 _c2004
_aNew Delhi
_bPrentice-Hall
300 _axix, : 1180
365 _cRS
999 _c132
_d132